Football clubs that won a treble - Statistics

General Stats
  • This quiz has been taken 53 times
    37 since last reset
  • The average score is 5 of 9
Answers on the Grid
Answers color-coded by a green-red scale on the quiz's grid according to % correct below.
PSV Eindhoven
AC Milan
Chelsea
Arsenal
SL Benfica
Celtic
Liverpool
Manchester United
Juventus
FC Porto
Barcelona
Real Madrid
Inter Milan
Fiorentina
Olympique de Marseille
Borussia Dortmund
Sporting CP
Ajax
Paris Saint-Germain
Napoli
Feyenoord
Manchester City
Nottingham Forest
Sparta Prague
Red Star Belgrade
Rangers FC
AS Saint-Étienne
Bayern Munich
Steaua Bucharest
AS Roma
 
Answer Stats
Answer % Correct
Barcelona
69%
Manchester United
66%
Manchester City
62%
Bayern Munich
48%
Celtic
48%
Inter Milan
45%
Paris Saint-Germain
45%
PSV Eindhoven
41%
Ajax
38%
No matching quizzes found
Score Distribution
Percent of People with Each Score
Percentile by Number Answered
Your Score History
You have not taken this quiz since the last reset